| 000 | 00721nam a2200241 i 4500 | ||
|---|---|---|---|
| 001 | 000031696 | ||
| 003 | DO-SdBNP | ||
| 005 | 20230801141945.0 | ||
| 007 | ta | ||
| 008 | 110630s2004 dr r 000 0 spa d | ||
| 040 |
_aDO-SdBNP _bspa _cBNPHU _erda |
||
| 082 |
_axxxx _bH557l |
||
| 100 |
_aHernández, Jesús _95470 |
||
| 245 | 1 | 0 |
_aLibros dominicanos buscados : _b(lista No. 1) / _cP. Jesús Hernández. |
| 264 |
_aSanto Domingo : _bBiblioteca Antillense Salesiana (Bas), _c2004. |
||
| 300 |
_a23 páginas; _c22 cm. |
||
| 336 |
_2rdacontent _atexto _btxt |
||
| 337 |
_2rdamedia _asin mediación _bn |
||
| 338 |
_2rdacarrier _avolumen _bnc |
||
| 590 | _aInventariado, 2023/ YL | ||
| 910 | _aYLockward | ||
| 942 |
_2ddc _cLF2 |
||
| 999 |
_c54292 _d54292 |
||